Vista normal
Vista MARC
Entrada Nombre personal
Número de registros utilizados en: 5
001 - NÚMERO DE CONTROL
- Campo de control: 1491
003 - IDENTIFICADOR DE NÚMERO DE CONTROL
- Campo de control: OSt
005 - FECHA Y HORA DE LA ULTIMA MODIFICACION
- Campo de control: 20130621094214.0
008 - ELEMENTOS DE DATOS DE LONGITUD FIJA
- Campo de longitud fija: 130621|| aca||aabn | a|a d
040 ## - FUENTE DE LA CATALOGACIÓN
- Agencia original de catalogación: OSt
100 10 - ENCABEZAMIENTO--NOMBRE DE PERSONA
- Nombre personal: Martín Hernández, Francisco
400 10 - TRAZADO VEÁSE--NOMBRE DE PERSONA
- Nombre personal: Martín, Francisco
670 ## - FUENTE DE DATOS ENCONTRADOS
- Fuente de citación: Autoridades de la BNE, 21-06-2013